| 000 | 00512nam a22001577a 4500 | ||
|---|---|---|---|
| 020 | _qHard Cover. | ||
| 082 | _a570.2-RIA | ||
| 100 | _aFarhana Riaz. | ||
| 245 |
_aModeling and Construction of Pangenome of Plasmodium Species: _bA Region Wise Analysis / _cRiaz, Farhana |
||
| 260 |
_aIslamabad: _bRCMS-NUST, _c2021. |
||
| 300 |
_a109 p. : _bill. ; _c30cm. |
||
| 650 |
_aMS-Bioinformatics. _986547 |
||
| 700 |
_aDr. Mehak Rafiq _986548 |
||
| 942 |
_2ddc _cTHE |
||
| 999 |
_c587382 _d587382 |
||